<?xml version="1.0" encoding="UTF-8"?>
<record
    xmlns:xsi="http://www.w3.org/2001/XMLSchema-instance"
    xsi:schemaLocation="http://www.loc.gov/MARC21/slim http://www.loc.gov/standards/marcxml/schema/MARC21slim.xsd"
    xmlns="http://www.loc.gov/MARC21/slim">

  <leader>01125nam a2200265 a 4500</leader>
  <controlfield tag="005">20160105054634.0</controlfield>
  <controlfield tag="008">140305b1992    ck ab  fr|||| 00| 0 spa d</controlfield>
  <datafield tag="020" ind1=" " ind2=" ">
    <subfield code="a">958953791</subfield>
  </datafield>
  <datafield tag="040" ind1=" " ind2=" ">
    <subfield code="a">CO-BoIAVH</subfield>
    <subfield code="c">CO-BoIAVH</subfield>
  </datafield>
  <datafield tag="041" ind1="0" ind2=" ">
    <subfield code="a">spa</subfield>
  </datafield>
  <datafield tag="044" ind1=" " ind2=" ">
    <subfield code="a">ck</subfield>
  </datafield>
  <datafield tag="082" ind1="0" ind2="4">
    <subfield code="a">333.709 </subfield>
    <subfield code="b">G24n</subfield>
  </datafield>
  <datafield tag="100" ind1="1" ind2=" ">
    <subfield code="a">Garz&#xF3;n, Cristina</subfield>
    <subfield code="e">Autor</subfield>
  </datafield>
  <datafield tag="245" ind1="1" ind2="3">
    <subfield code="a">La noche, las plantas y sus due&#xF1;os :</subfield>
    <subfield code="b">aproximaci&#xF3;n al conocimiento bot&#xE1;nico en una cultura amaz&#xF3;nica /</subfield>
    <subfield code="c">Corporaci&#xF3;n Colombiana para la Amazon&#xED;a Araracuara</subfield>
  </datafield>
  <datafield tag="260" ind1=" " ind2=" ">
    <subfield code="a">Bogot&#xE1; :</subfield>
    <subfield code="b">Corporaci&#xF3;n Colombiana para la Amazon&#xED;a Araracuara ,</subfield>
    <subfield code="c">1992.</subfield>
  </datafield>
  <datafield tag="300" ind1=" " ind2=" ">
    <subfield code="a">292 p&#xE1;ginas :</subfield>
    <subfield code="b">Ilustraciones, mapas ;</subfield>
    <subfield code="c">23 x 16 cm</subfield>
  </datafield>
  <datafield tag="650" ind1=" " ind2=" ">
    <subfield code="a">Comunidades ind&#xED;genas</subfield>
    <subfield code="x">Aspectos sociales </subfield>
    <subfield code="z">Amazonas (Regi&#xF3;n)</subfield>
    <subfield code="z">Colombia</subfield>
  </datafield>
  <datafield tag="650" ind1="0" ind2="6">
    <subfield code="a">Conocimiento ecol&#xF3;gico tradicional.</subfield>
  </datafield>
  <datafield tag="650" ind1="0" ind2="6">
    <subfield code="a">Etnobot&#xE1;nica</subfield>
  </datafield>
  <datafield tag="650" ind1="0" ind2="6">
    <subfield code="a">Comunidad Huitoto</subfield>
    <subfield code="x">Conocimiento ecol&#xF3;gico tradicional.</subfield>
  </datafield>
  <datafield tag="650" ind1="0" ind2="6">
    <subfield code="a">Amazon&#xED;a Colombiana</subfield>
  </datafield>
  <datafield tag="650" ind1="0" ind2="6">
    <subfield code="a">Etnobiolog&#xED;a</subfield>
    <subfield code="x">Comunidades ind&#xED;genas</subfield>
    <subfield code="z">Amazon&#xED;a Colombiana</subfield>
  </datafield>
  <datafield tag="700" ind1=" " ind2=" ">
    <subfield code="a">Macuritofe, Vicente</subfield>
    <subfield code="e">Autor</subfield>
  </datafield>
  <datafield tag="942" ind1=" " ind2=" ">
    <subfield code="c">LIBRO</subfield>
    <subfield code="2">ddc</subfield>
  </datafield>
  <datafield tag="999" ind1=" " ind2=" ">
    <subfield code="c">2280</subfield>
    <subfield code="d">2280</subfield>
  </datafield>
  <datafield tag="952" ind1=" " ind2=" ">
    <subfield code="0">0</subfield>
    <subfield code="1">0</subfield>
    <subfield code="2">ddc</subfield>
    <subfield code="4">0</subfield>
    <subfield code="7">0</subfield>
    <subfield code="8">GENERAL</subfield>
    <subfield code="I">INV2017</subfield>
    <subfield code="a">Bogota</subfield>
    <subfield code="b">Bogota</subfield>
    <subfield code="d">2001-05-11</subfield>
    <subfield code="e">Instituto</subfield>
    <subfield code="g">50000.00</subfield>
    <subfield code="l">0</subfield>
    <subfield code="o">LB-333.7096 G24n</subfield>
    <subfield code="p">002846</subfield>
    <subfield code="r">2012-12-04 00:00:00</subfield>
    <subfield code="t">Ej. 1</subfield>
    <subfield code="w">2012-12-04</subfield>
    <subfield code="y">LIBRO</subfield>
  </datafield>
</record>
